| 000 | 00455nam a2200181Ia 4500 | ||
|---|---|---|---|
| 001 | 7961 | ||
| 005 | 20260306160534.0 | ||
| 008 | 260306t2015||||xx |||||||||||||| ||spa|| | ||
| 041 | _aESP | ||
| 082 |
_a364.15 _bM61C |
||
| 100 |
_aMInisterio Público del Perú _eAUT |
||
| 245 | 0 |
_aMinisterio Público: _bObservatorio de Criminalidad |
|
| 260 | _c2015 | ||
| 300 |
_a26 páginas : _c28 cm. |
||
| 650 | _aGEN | ||
| 654 | _aCPS | ||
| 942 |
_cLIB _dJUS _fJUS _2ddc _n |
||
| 999 |
_c7961 _d7961 |
||